Zoznam dokumentov Medzinárodného zváračského inštitútu - IIW vypracovaných v roku 2006 1. časť

Bibliographic Details
Main Author: Mráz, Ľuboš, 1935- (Author)
Format: Article
Language:Slovak
ISSN:0044-5525
Subjects:

MARC

LEADER 00000nab a2200000 a 4500
001 vtls008985491
003 SK-MaSNL
005 20260303065427.0
008 140522c2007 xo |||||||||||000 b|slo
015 |a SNBRB2007/05  |2 snkbucl 
038 |a SNKBUCL 
040 |a SNKBUCL  |b slo  |c SNKBUCL  |e AACR2 
041 0 |a slo 
044 |a xo  |c SK 
080 |a 621.791:061.231  |x (100)  |2 1997 
100 1 |a Mráz, Ľuboš,  |d 1935-  |4 aut  |9 103961 
245 1 0 |a Zoznam dokumentov Medzinárodného zváračského inštitútu - IIW vypracovaných v roku 2006  |n 1. časť  |c Ľuboš Mráz 
610 2 7 |a Medzinárodný zváračský inštitút  |2 snkbucl  |9 21630 
648 7 |a 2006  |2 snkbucl  |9 313148 
773 0 |t Zváranie = Svařování  |g Roč. 56, č. 2 (2007), s. 67-68  |x 0044-5525 
852 |a SNK  |b KIS3GCP 
999 |c 1751148  |d 1753078